[Event "V Torneio Cidade de Leiria"]
[Site "Leiria POR"]
[Date "2017.07.16"]
[Round "5.9"]
[White "Oliveira, Fernando Alves"]
[Black "Almeida, Pedro Bastos"]
[Result "0-1"]
[BlackElo "1215"]
[WhiteElo "1580"]
[LiveChessVersion "1.4.8"]

1. d4 {[%clk 1:30:30]} d5 {[%clk 1:29:19]} 2. Bf4 {[%clk 1:30:51]} e6
{[%clk 1:28:55]} 3. Nf3 {[%clk 1:31:14]} c5 {[%clk 1:28:59]} 4. e3
{[%clk 1:31:37]} Nc6 {[%clk 1:29:00]} 5. Nbd2 {[%clk 1:31:44]} Nf6
{[%clk 1:29:05]} 6. c3 {[%clk 1:31:57]} b6 {[%clk 1:28:17]} 7. Bb5
{[%clk 1:32:04]} Bb7 {[%clk 1:28:27]} 8. Ne5 {[%clk 1:31:37]} Rc8
{[%clk 1:28:07]} 9. Qa4 {[%clk 1:31:44]} a6 {[%clk 1:24:22]} 10. Bxc6+
{[%clk 1:31:33]} Bxc6 {[%clk 1:24:39]} 11. Nxc6 {[%clk 1:32:00]} Qd7
{[%clk 1:24:40]} 12. Qxa6 {[%clk 1:22:15]} Qxc6 {[%clk 1:24:38]} 13. dxc5
{[%clk 1:19:16]} Bxc5 {[%clk 1:24:37]} 14. Nb3 {[%clk 1:19:35]} Ra8
{[%clk 1:24:27]} 15. Qe2 {[%clk 1:18:32]} Be7 {[%clk 1:23:34]} 16. Nd4
{[%clk 1:18:18]} Qc5 {[%clk 1:22:25]} 17. Be5 {[%clk 1:09:59]} O-O
{[%clk 1:22:19]} 18. h4 {[%clk 1:09:47]} Nd7 {[%clk 1:22:27]} 19. Bg3
{[%clk 1:10:04]} Bf6 {[%clk 1:21:05]} 20. h5 {[%clk 1:06:25]} h6 {[%clk 1:21:00]}
21. Bh4 {[%clk 1:04:28]} Qe7 {[%clk 1:20:47]} 22. Bxf6 {[%clk 1:01:46]} Qxf6
{[%clk 1:20:45]} 23. Rh3 {[%clk 0:59:52]} e5 {[%clk 1:20:38]} 24. Nb5
{[%clk 0:53:52]} Nc5 {[%clk 1:16:08]} 25. g4 {[%clk 0:52:42]} e4 {[%clk 1:15:57]}
26. f4 {[%clk 0:52:15]} exf3 {[%clk 1:15:28]} 27. Rxf3 {[%clk 0:52:42]} Qh4+
{[%clk 1:15:56]} 28. Rf2 {[%clk 0:53:08]} Ne4 {[%clk 1:16:00]} 29. Nc7
{[%clk 0:52:25]} Rac8 {[%clk 1:15:25]} 30. Nxd5 {[%clk 0:52:52]} Nxf2
{[%clk 1:15:25]} 31. Qxf2 {[%clk 0:53:21]} Qxg4 {[%clk 1:15:33]} 32. Ne7+
{[%clk 0:53:49]} Kh8 {[%clk 1:15:34]} 33. Nxc8 {[%clk 0:54:17]} Rxc8
{[%clk 1:15:53]} 34. Qxf7 {[%clk 0:52:35]} Qg1+ {[%clk 1:16:20]} 35. Qf1
{[%clk 0:53:03]} Qxe3+ {[%clk 1:16:48]} 36. Qe2 {[%clk 0:53:32]} Qg1+
{[%clk 1:16:16]} 37. Kd2 {[%clk 0:52:16]} Qxa1 {[%clk 1:16:11]} 38. Kc2
{[%clk 0:52:25]} Qxa2 {[%clk 1:16:16]} 39. Qg4 {[%clk 0:52:46]} Rf8
{[%clk 1:16:14]} 40. Qd4 {[%clk 0:52:27]} b5 {[%clk 1:15:59]} 41. Qc5
{[%clk 0:52:05]} Qa4+ {[%clk 1:15:40]} 42. b3 {[%clk 0:50:49]} Qa2+
{[%clk 1:15:45]} 43. Kd3 {[%clk 0:51:17]} Rd8+ {[%clk 1:15:57]} 44. Ke4
{[%clk 0:50:47]} Qe2+ {[%clk 1:16:02]} 45. Kf4 {[%clk 0:50:58]} Qd2+
{[%clk 1:14:58]} 46. Kg4 {[%clk 0:50:52]} Qg5+ {[%clk 1:15:19]} 47. Qxg5 hxg5 48.
Kxg5 {[%clk 0:50:45]} Rc8 {[%clk 1:15:36]} 49. c4 {[%clk 0:50:44]} bxc4
{[%clk 1:16:04]} 50. bxc4 {[%clk 0:51:13]} Rxc4 {[%clk 1:16:32]} 51. h6
{[%clk 0:51:41]} gxh6+ {[%clk 1:16:05]} 52. Kxh6 Rc6+ 53. Kg5 {[%clk 0:52:06]}
Kg7 {[%clk 1:16:06]} 54. Kf5 {[%clk 0:51:55]} Ra6 {[%clk 1:16:27]} 55. Kg5
{[%clk 0:51:43]} Ra5+ {[%clk 1:16:51]} 56. Kf4 Kg6 57. Ke4 {[%clk 0:52:01]} Kf6
{[%clk 1:17:13]} 58. Kd4 {[%clk 0:51:48]} Ke6 {[%clk 1:17:41]} 59. Kc4
{[%clk 0:52:15]} Kd6 {[%clk 1:18:10]} 60. Kb4 {[%clk 0:52:44]} Rh5
{[%clk 1:18:39]} 61. Kc4 {[%clk 0:53:13]} Rg5 {[%clk 1:19:08]} 62. Kd4
{[%clk 0:53:42]} Rg4+ {[%clk 1:19:37]} 63. Ke3 {[%clk 0:54:08]} Kd5
{[%clk 1:20:06]} 64. Kf3 {[%clk 0:54:37]} Ra4 {[%clk 1:20:35]} 65. Kg3
{[%clk 0:54:40]} Ke5 {[%clk 1:21:33]} 66. Kf3 {[%clk 0:55:01]} Rb4
{[%clk 1:22:02]} 67. Ke3 {[%clk 0:55:29]} Rb3+ {[%clk 1:22:31]} 68. Kd2
{[%clk 0:55:54]} Ke4 {[%clk 1:22:59]} 69. Kc2 Rh3 70. Kd2 {[%clk 0:56:19]} Rg3
{[%clk 1:23:26]} 71. Kc2 Kd4 72. Kb2 {[%clk 0:56:40]} Kc4 {[%clk 1:23:55]} 73.
Kc2 {[%clk 0:57:05]} Rg2+ {[%clk 1:24:23]} 74. Kd1 {[%clk 0:57:33]} Kc3
{[%clk 1:24:52]} 75. Ke1 {[%clk 0:58:03]} Kd3 {[%clk 1:25:21]} 76. Kf1
{[%clk 0:58:32]} Ra2 {[%clk 1:25:50]} 77. Ke1 {[%clk 0:59:00]} Rb2
{[%clk 1:26:19]} 78. Kf1 Ke3 79. Kg1 {[%clk 0:59:25]} Kf3 {[%clk 1:26:47]} 80.
Kh1 {[%clk 0:59:54]} Kg3 {[%clk 1:27:16]} 81. Kg1 {[%clk 1:00:22]} Rb1#
{[%clk 1:27:44]} 0-1

[Event "V Torneio Cidade de Leiria"]
[Site "Leiria POR"]
[Date "2017.07.16"]
[Round "5.10"]
[White "Cavadas, José"]
[Black "Oliveira, Tomás"]
[Result "1/2-1/2"]
[BlackElo "1580"]
[WhiteElo "1550"]
[LiveChessVersion "1.4.8"]

1. e4 e6 2. d4 d5 3. e5 c5 4. c3 Nc6 5. Nf3 Qb6 6. Na3 Bd7 7. Be2 Nh6 8. h3 cxd4
9. cxd4 Bb4+ 10. Bd2 Nf5 11. Nb5 Bxd2+ 12. Qxd2 Nxe5 13. Nxe5 Bxb5 14. g4 Nxd4
15. Bxb5+ Nxb5 16. Qf4 f6 17. Nf3 e5 18. Nxe5 fxe5 19. Qxe5+ Kf7 20. Qxd5+ Qe6+
21. Qxe6+ Kxe6 22. O-O Rhd8 23. Rfe1+ Kf7 24. Re2 Re8 25. Rd2 Rad8 26. Rc2 Re7
27. Rac1 Red7 28. Kf1 Nd4 29. Rc7 Nc6 30. Rxd7+ Rxd7 31. Rc3 Rd2 32. Rb3 Rd7 33.
Kg2 a6 34. h4 h6 35. Kg3 g5 36. hxg5 hxg5 37. f4 gxf4+ 38. Kxf4 Kg6 39. a3 Rd4+
40. Ke3 Rd7 41. Kf4 Re7 42. Rb6 Rd7 43. Rb3 b5 44. Rc3 Rd6 45. b4 Kf6 46. Rc5 Nd4
47. g5+ Kg6 48. Ke5 Rd8 49. Ke4 Rd6 50. Ke5 Rd8 51. Ke4 Kg7 52. Rc7+ Kg6 53. Rc5
Rd7 54. Re5 Rd6 55. Rc5 Nb3 56. Ke5 Nxc5 57. Kxd6 Na4 58. Kc7 Nb2 59. Kb6 Nc4+
60. Kxa6 Nxa3 61. Kb6 1/2-1/2

[Event "V Torneio Cidade de Leiria"]
[Site "Leiria POR"]
[Date "2017.07.16"]
[Round "5.11"]
[White "Fonseca, Eurico"]
[Black "Vinagre, Raquel"]
[Result "1-0"]
[BlackElo "1269"]
[WhiteElo "1537"]
[LiveChessVersion "1.4.8"]

1. e4 e5 2. Nf3 d6 {[%clk 1:31:06]} 3. Nc3 {[%clk 1:30:54]} Be6 {[%clk 1:30:35]}
4. d4 {[%clk 1:29:38]} exd4 {[%clk 1:30:38]} 5. Nxd4 {[%clk 1:29:53]} Bd7
{[%clk 1:30:35]} 6. Bc4 {[%clk 1:29:36]} Qe7 {[%clk 1:30:29]} 7. Qf3
{[%clk 1:27:05]} Nf6 {[%clk 1:30:09]} 8. Bg5 {[%clk 1:19:10]} Nc6
{[%clk 1:30:10]} 9. Bxf6 {[%clk 1:10:31]} gxf6 {[%clk 1:30:29]} 10. Ndb5
{[%clk 1:09:43]} O-O-O {[%clk 1:30:16]} 11. Nd5 {[%clk 1:07:53]} Qe5
{[%clk 1:29:36]} 12. O-O-O {[%clk 1:07:47]} a6 {[%clk 1:29:55]} 13. Nbxc7
{[%clk 1:07:13]} Bg7 {[%clk 1:29:25]} 14. Kb1 {[%clk 1:04:11]} f5
{[%clk 1:29:29]} 15. Qa3 {[%clk 0:55:34]} Na7 {[%clk 1:27:29]} 16. f4
{[%clk 0:53:41]} Qxe4 {[%clk 1:27:29]} 17. Qxd6 {[%clk 0:50:21]} Qxc4
{[%clk 1:27:22]} 18. Nb6+ {[%clk 0:50:39]} Kb8 {[%clk 1:27:14]} 19. Ncd5+
{[%clk 0:50:37]} Qc7 {[%clk 1:26:41]} 20. Qxc7# {[%clk 0:51:02]} 1-0

[Event "V Torneio Cidade de Leiria"]
[Site "Leiria POR"]
[Date "2017.07.16"]
[Round "5.13"]
[White "Cordeiro, João Pedro"]
[Black "Oliveira, Antonio"]
[Result "1/2-1/2"]
[BlackElo "1371"]
[WhiteElo "1145"]
[LiveChessVersion "1.4.8"]

1. e4 c5 2. Nf3 d6 3. d4 cxd4 4. Nxd4 Nf6 5. Nc3 a6 6. Bd3 e5 7. Nf3 Be6 8. O-O
Be7 9. h3 O-O 10. b3 Nc6 11. Bb2 Qd7 12. Ng5 Nd4 13. Nxe6 Nxe6 14. Re1 Nc5 15.
Bc4 b5 16. Bd5 Rac8 17. Bc1 b4 18. Nb1 Nxd5 19. Qxd5 Ne6 20. Re2 Rc5 21. Qd3 Nd4
22. Rd2 Rfc8 23. a4 Rxc2 24. Rxc2 Rxc2 25. Nd2 Rc6 26. Bb2 Ne6 27. Nc4 Nf4 28.
Qe3 Qe6 29. Rc1 Qf6 30. Qf3 1/2-1/2

[Event "V Torneio Cidade de Leiria"]
[Site "Leiria POR"]
[Date "2017.07.16"]
[Round "5.15"]
[White "Abreu, Gonçalo"]
[Black "Sousa, Ana João"]
[Result "0-1"]
[BlackElo "1151"]
[WhiteElo "1384"]
[LiveChessVersion "1.4.8"]

1. e4 c5 2. Nf3 Nc6 3. c3 Nf6 4. e5 Nd5 5. d4 cxd4 6. cxd4 d6 7. exd6 Qxd6 8. Bc4
g6 9. Ng5 Bg7 10. Qf3 Be6 11. Nxe6 Qxe6+ 12. Be3 Nxd4 13. Qxd5 Qxd5 14. Bxd5 Nc2+
15. Ke2 Nxe3 16. fxe3 Bxb2 17. Rf1 O-O 18. Rf3 Bxa1 19. h4 e6 20. Be4 f5 21. Bd3
Bf6 22. g3 Rab8 23. e4 Kg7 24. Nd2 b5 25. Nb3 Bc3 26. Nc5 Rfe8 27. Bc2 a5 28.
Rxc3 Kf6 29. Nd7+ Ke7 30. Nxb8 Rxb8 31. e5 Rd8 32. Bb3 Rd4 33. Rc7+ Kd8 34. Rxh7
Re4+ 35. Kf3 Rxe5 36. Rh6 a4 37. Bc2 Rc5 38. Bd3 b4 39. Rxg6 b3 40. axb3 a3 41.
Rxe6 a2 42. Ra6 Rc3 43. Rxa2 Rxd3+ 44. Kf4 Rxb3 45. Ra7 Ke8 46. h5 Rb4+ 47. Kg5
Rb3 48. h6 Rxg3+ 49. Kf6 f4 50. h7 Rh3 51. Ke6 Rh6+ 52. Kf5 f3 53. Kg5 Rh2 54.
Kg4 f2 55. Ra8+ Kd7 56. Rf8 Rxh7 0-1